Digitalizace hýbe světem
Problematika digitalizácie sa stala jednou z kľúčových priorít vyvíjajúceho sa poistného trhu a pokroku vo svete. Prínosy digitalizácie finančných služieb a ochrana poistených klientov – kybernetická bezpečnosť.
Enregistré dans:
| Auteur principal: | |
|---|---|
| Autres auteurs: | |
| Format: | Chapitre de livre |
| Langue: | tchèque |
| Sujets: | |
| Tags: |
Pas de tags, Soyez le premier à ajouter un tag!
|
MARC
| LEADER | 00000nla a2200000 4500 | ||
|---|---|---|---|
| 001 | 0222091 | ||
| 005 | 20240111121852.3 | ||
| 041 | 0 | |a cze | |
| 044 | |a SK | ||
| 245 | 1 | 0 | |a Digitalizace hýbe světem |c Tereza Kunertová, Tomáš Kozelský |
| 520 | |a Problematika digitalizácie sa stala jednou z kľúčových priorít vyvíjajúceho sa poistného trhu a pokroku vo svete. Prínosy digitalizácie finančných služieb a ochrana poistených klientov – kybernetická bezpečnosť. | ||
| 610 | 2 | 0 | |a poisťovníctvo |
| 610 | 2 | 0 | |a poisťovne |
| 610 | 2 | 0 | |a trh poistný |
| 610 | 2 | 0 | |a podmienky poistné |
| 610 | 2 | 0 | |a riziko poistné |
| 610 | 2 | 0 | |a technológie nové |
| 610 | 2 | 0 | |a digitalizácia |
| 610 | 2 | 0 | |a bezpečnosť informačná |
| 100 | 1 | |a Kunertová, Tereza | |
| 700 | 1 | |a Kozelský, Tomáš | |